| 000 | 00419cam a2200145 4500500 | ||
|---|---|---|---|
| 005 | 20251012023105.0 | ||
| 041 | _afre | ||
| 042 | _adc | ||
| 100 | 1 | 0 |
_aBourgeois, Didier _eauthor |
| 245 | 0 | 0 | _aPages de fin |
| 260 | _c2005. | ||
| 500 | _a69 | ||
| 786 | 0 | _nPsy Cause | ยบ39 | 1 | 2005-01-01 | p. 53-56 | 1245-2394 | |
| 856 | 4 | 1 | _uhttps://shs.cairn.info/revue-psy-cause-2005-1-page-53?lang=fr&redirect-ssocas=7080 |
| 999 |
_c1541189 _d1541189 |
||